Výsledky kontroly úžitkovosti oviec v kontrolnom roku 2007

Bibliographic Details
Main Authors: Ryba, Štefan (Author), Rafajová, Martina (Author)
Format: Article
Language:Slovak

MARC

LEADER 00000nab a2200000 a 4500
001 vtls010709810
003 SK-MaSNL
005 20260304185634.0
008 250709s2008 xo |||||||||||||||||slo|
035 |a (urnnbn)urn:nbn:sk:snk:ar-a0455g 
035 |a (uuid)f8433cab-89d3-4e8c-936e-beeb337dedfe 
035 |a urn:nbn:sk:snk-ab3dci 
040 |a SNKBUCL  |b slo  |c SNKBUCL  |e AACR2 
041 0 |a slo 
044 |a xo  |c SK 
100 1 |a Ryba, Štefan  |4 aut  |9 544267 
245 1 0 |a Výsledky kontroly úžitkovosti oviec v kontrolnom roku 2007  |c Štefan Ryba, Martina Rafajová 
700 1 |a Rafajová, Martina  |4 aut  |9 648394 
773 0 |t Chov oviec a kôz : aktuálne informácie a údaje z PK pre chovateľov a priaznivcov chovu  |g Roč. 18(17), č. 1 (2008), s. 10-12 
850 |a Slovenská národná knižnica 
852 |a Slovenská národná knižnica 
954 |a odborná, vedecká literatúra pôvodná (slovenská)  |2 lita 
958 |a article1 
958 |a OND 
958 |a EUIPO 
999 |c 3044985  |d 3046915